Obálka
Pro půjčování e-knih musíte být přihlášeni.
Jak si půjčit online?

Hodně jsem nikde /

Autobiografická próza českého architekta, ve které vzpomíná na svá divoká proflámovaná léta, na počátky své nakladatelské i redakční práce.

Uloženo v:
Hlavní autor: Třeštík, Michael, 1947- (Autor)
Další autoři: Walló, Olga, 1948- (Autor), Schwarz, Jiří, 1959- (Režisér)
Médium: E-audiokniha
Jazyk:Czech
Vydáno: Praha : Voxi, [2022]
Témata:
Tagy:
Žádné tagy
LEADER 05644nim a2201057 i 4500
001 313139
003 CZ PrSKC
005 20260601215736.0
007 sd fungnnmmned
008 221021t20222022xr nnnng af n cze
015 |a cnb003465859 
024 3 |a 8594050434417 
040 |a ABA001  |b cze  |e rda 
045 |a x4y2 
072 7 |a 821.162.3-3  |x Česká próza  |2 Konspekt 
072 7 |a 929  |x Biografie  |2 Konspekt 
080 |a 821.162.3-3  |2 MRF 
080 |a 821.162.3-051  |2 MRF 
080 |a 929  |2 MRF 
080 |a (0:82-322.6)  |2 MRF 
080 |a (086.7)08  |2 MRF 
080 |a (086.76)  |2 MRF 
100 1 |a Třeštík, Michael,  |d 1947-  |7 jn99240001213  |4 aut 
245 1 0 |a Hodně jsem nikde /  |c Michael Třeštík 
264 1 |a Praha :  |b Voxi,  |c [2022] 
264 4 |c ©2022 
300 |a 1 audiodisk (6 hod., 27 min.) ;  |c 12 cm 
306 |a 062700 
336 |a mluvené slovo  |b spw  |2 rdacontent 
337 |a audio  |b s  |2 rdamedia 
338 |a audiodisk  |b sd  |2 rdacarrier 
344 |a digital  |b optical  |2 rda 
347 |a audio soubor  |b MP3  |2 rda 
500 |a Název z disku 
500 |a Copyright Albatros Media 
500 |a Podle stejnojmenné knihy vydané nakladatelstvím Motto v roce 2021 
500 |a Nezkrácená audiokniha ve formátu MP3 
508 |a Režie Olga Walló 
511 0 |a Čte Jiří Schwarz 
520 2 |a Autobiografická próza českého architekta, ve které vzpomíná na svá divoká proflámovaná léta, na počátky své nakladatelské i redakční práce.  |b Autor se ve vzpomínkách nebojí přiznat k proflámovaným rokům, bláznivým snům nebo životním karambolům. Z autentických detailů ze svého soukromí vytvořil poutavý obraz totalitního bezčasí, divokých devadesátek i pandemického období. Do světa literatury vstoupil románem Zdi tvé. Nyní s odstupem času a nadhledem líčí, jaké zdi na své cestě zdolal a zdolává dál. Nakladatelská anotace. Kráceno. 
600 1 7 |a Třeštík, Michael,  |d 1947-  |7 jn99240001213  |2 czenas 
648 7 |a 20.-21. století  |7 ch462155  |2 czenas 
650 0 7 |a čeští spisovatelé  |7 ph128175  |y 20.-21. století  |2 czenas 
655 7 |a české prózy  |7 fd133972  |2 czenas 
655 7 |a autobiografické prózy  |7 fd131850  |2 czenas 
655 7 |a audioknihy  |7 fd119452  |2 czenas 
655 7 |a kompaktní disky  |7 fd201991  |2 czenas 
700 1 |a Walló, Olga,  |d 1948-  |7 jk01151391  |4 drt 
700 1 |a Schwarz, Jiří,  |d 1959-  |7 ola2002142356  |4 nrt 
900 |a ABA001  |b 18 
044 |a xr 
505 0 0 |t I. Nedávno - Otevřel lahev bílýho a čekal (10 min., 11 sek.) 
505 0 0 |t I. Nedávno - Ale to už je teď jedno (8 min., 53 sek.) 
505 0 0 |t I. Nedávno - Zpětná rekonstrukce (6 min., 3 sek.) 
505 0 0 |t I. Nedávno - Smyčka se utahuje (10 min., 3 sek.) 
505 0 0 |t I. Nedávno - Vystavět pomník trapného magora (10 min., 33 sek.) 
505 0 0 |t II. Dávno - Šla z něho hrůza (7 min., 5 sek.) 
505 0 0 |t II. Dávno - Pak už jsem ji nikdy neviděl (11 min., 49 sek.) 
505 0 0 |t II. Dávno - Mohly být lepší a lepší (8 min., 43 sek.) 
505 0 0 |t II. Dávno - Všechny doktorky středního věku (12 min., 49 sek.) 
505 0 0 |t II. Dávno - Po pěti kafích s rumem (10 min., 58 sek.) 
505 0 0 |t II. Dávno - Já už z toho byl venku (8 min., 39 sek.) 
505 0 0 |t II. Dávno - Zaklonila se taky (12 min., 24 sek.) 
505 0 0 |t II. Dávno - Až ho nakonec zavřeli (12 min., 32 sek.) 
505 0 0 |t II. Dávno - Přesně nevěděl, proč to tak je (9 min., 55 sek.) 
505 0 0 |t II. Dávno - Nebyla alternativa (14 min., 59 sek.) 
505 0 0 |t II. Dávno - Jsou tři typy. Kterej chceš? (13 min., 26 sek.) 
505 0 0 |t II. Dávno - Postupně narůstá nejistota (13 min., 36 sek.) 
505 0 0 |t II. Dávno - Tak jsem Soňu nechal zemřít (9 min., 48 sek.) 
505 0 0 |t III. Nedávno - Budeme vypadat jako pitomci (10 min., 42 sek.) 
505 0 0 |t III. Nedávno - I stehenní svaly byly moje (10 min., 9 sek.) 
505 0 0 |t III. Nedávno - Ten cyklus jsem nikdy nenakreslil (10 min., 15 sek.) 
505 0 0 |t III. Nedávno - A oni už tu jsou, neboť přišli dřív (11 min., 16 sek.) 
505 0 0 |t III. Nedávno - Ty vole, toho muzea je jen půlka (8 min., 55 sek.) 
505 0 0 |t IV. Dávno - To je tak krásně kyselá ženská (15 min., 17 sek.) 
505 0 0 |t IV. Dávno - I kdybych tohle všechno uměl (13 min., 9 sek.) 
505 0 0 |t IV. Dávno - No nazdar, ty ses rozjel (9 min., 50 sek.) 
505 0 0 |t IV. Dávno - Koupili mi džínovou bundu (9 min., 40 sek.) 
505 0 0 |t IV. Dávno - Hraje, že maluje, a přitom si brumlá (8 min., 23 sek.) 
505 0 0 |t IV. Dávno - Bylo mu čtyřicet let (8 min., 45 sek.) 
505 0 0 |t IV. Dávno - Měli všichni bohaté kontakty (10 min., 13 sek.) 
505 0 0 |t IV. Dávno - Do deseti let se vejdu (11 min., 22 sek.) 
505 0 0 |t IV. Dávno - Musí to bejt bombastický (11 min., 3 sek.) 
505 0 0 |t IV. Dávno - Těžko mohl unést sám (8 min., 53 sek.) 
505 0 0 |t IV. Dávno - A jsi chycenej do zlatý klece (9 min., 55 sek.) 
505 0 0 |t V. Nedávno - Máma mi říkala (9 min., 18 sek.) 
505 0 0 |t V. Nedávno - Ty vole, ty jsi klikař (7 min., 2 sek.) 
505 0 0 |t V. Nedávno - Pak začalo pršet (10 min., 27 sek.) 
910 |a RBIT002 
998 |d 362435  |a https://core.palmknihy.cz/api/books/362435/cover?sleez4  |b https://core.palmknihy.cz/api/books/362435/cover/400?sleez4  |c https://core.palmknihy.cz/api/books/362435/cover/50?sleez4  |e 2031-12-31  |i 8594050434417  |l 23220  |q 49  |r 1  |s https://www.palmknihy.cz/kniha/362435  |t audiobook  |y 2022  |z 0 
999 |d 313137